Growth dynamics of salmonella enterica strains on alfalfa sprouts and in waste seed irrigation water /
Enregistré dans:
| Auteur principal: | |
|---|---|
| Autres auteurs: | |
| Format: | Article |
| Langue: | English |
| Sujets: | |
| Tags: |
Ajouter un tag
Pas de tags, Soyez le premier à ajouter un tag!
|
| Thư viện lưu trữ: | Thư viện Trường Đại học Đà Lạt |
|---|
| LEADER | 00966nam a2200313 4500 | ||
|---|---|---|---|
| 001 | DLU090092096 | ||
| 005 | ##20091201 | ||
| 040 | # | # | |a DLU |b eng |
| 041 | # | # | |a eng |
| 044 | # | # | |a us |
| 100 | # | # | |a Howard, Michael B. |
| 245 | # | # | |a Growth dynamics of salmonella enterica strains on alfalfa sprouts and in waste seed irrigation water / |c Michael B. Howard, Steven W. Hutcheson. |
| 653 | # | # | |a Bacteria |
| 653 | # | # | |a Contamination |
| 653 | # | # | |a Germination |
| 653 | # | # | |a Salmonella enterica |
| 653 | # | # | |a Salmonellosis |
| 653 | # | # | |a Sprouts |
| 700 | # | # | |a Hutcheson, Steven W. |
| 773 | # | # | |t Applied and Environmental Microbiology |g Vol. 69, no. 1 (January 2003), p. 548-553 |
| 920 | # | # | |a Phòng Tạp chí -- Trung tâm Thông tin - Thư viện Trường Đại học Đà Lạt |
| 994 | # | # | |a DLU |
| 900 | # | # | |a True |
| 911 | # | # | |a Trương Bảo Trâm Anh |
| 925 | # | # | |a G |
| 926 | # | # | |a A |
| 927 | # | # | |a BB |
| 980 | # | # | |a Thư viện Trường Đại học Đà Lạt |